• AIU
  • Tony Wilmot Memorial Library

Mwana asitsaka sukuli = The child who hated school / (Record no. 45417)

MARC details
000 -LEADER
fixed length control field 00925nam a22002657a 4500
003 - CONTROL NUMBER IDENTIFIER
control field OSt
005 - DATE AND TIME OF LATEST TRANSACTION
control field 20110718134522.0
008 - FIXED-LENGTH DATA ELEMENTS--GENERAL INFORMATION
fixed length control field 100407t xxu||||| |||| 00| 0 eng d
020 ## - INTERNATIONAL STANDARD BOOK NUMBER
International Standard Book Number 9966001522
040 ## - CATALOGING SOURCE
Original cataloging agency NEGST Library - Kenya
Transcribing agency NEGST Library - Kenya
Modifying agency NEGST Library - Kenya
050 14 - LIBRARY OF CONGRESS CALL NUMBER
Classification number PL 8603.2
Item number .B635 2003
100 1# - MAIN ENTRY--PERSONAL NAME
Personal name Bocha, Rosina.
9 (RLIN) 3210
245 ## - TITLE STATEMENT
Title Mwana asitsaka sukuli = The child who hated school /
Statement of responsibility, etc [written by Rosina Bocha ; illustrated by Ben Maneno].
246 31 - VARYING FORM OF TITLE
Title proper/short title Mwana asitsaka shule.
246 31 - VARYING FORM OF TITLE
Title proper/short title Child who hated school.
260 ## - PUBLICATION, DISTRIBUTION, ETC. (IMPRINT)
Place of publication, distribution, etc Nairobi, Kenya :
Name of publisher, distributor, etc BTL,
Date of publication, distribution, etc c2003.
300 ## - PHYSICAL DESCRIPTION
Extent v, 13 p. :
Other physical details ill. ;
Dimensions 30 cm.
500 ## - GENERAL NOTE
General note Cover title: Mwana asitsaka shule.
500 ## - GENERAL NOTE
General note "A read to me Pokomo MTE book."
500 ## - GENERAL NOTE
General note In Pokomo and some English.
500 ## - GENERAL NOTE
General note [Africana].
650 ## - SUBJECT ADDED ENTRY--TOPICAL TERM
Topical term or geographic name as entry element Pokomo language
General subdivision Readers.
9 (RLIN) 3212
650 ## - SUBJECT ADDED ENTRY--TOPICAL TERM
Topical term or geographic name as entry element Pokomo language
General subdivision Texts.
9 (RLIN) 3213
942 ## - ADDED ENTRY ELEMENTS (KOHA)
Source of classification or shelving scheme Library of Congress Classification
Koha item type Books
Holdings
Withdrawn status Lost status Source of classification or shelving scheme Damaged status Not for loan Collection code Home library Current library Shelving location Date acquired Source of acquisition Cost, normal purchase price Full call number Barcode Date last seen Copy number Price effective from Koha item type
    Library of Congress Classification     General Circulation AIU/NEGST - Tony Wilmot Memorial Library AIU/NEGST - Tony Wilmot Memorial Library General Stacks 04/07/2010 Donation - BTL 10.00 PL 8603.2.B635 2003 R40230Y3232 09/26/2019 1 04/07/2010 Africana collection (General)